00649nam a22001817a 4500003000200000005001700002008004100019020002200060050002300082100003300105245008900138250002300227260005100250300005700301504005100358650002600409700003200435020251014143921.0251014b xxu||||| |||| 00| 0 eng d a978-1-394-24372-3 aHF 5549b.V47 2024 aVerhulst, Susan L.,eauthor. aFundamentals of human resource management /cSusan L. Verhulst and David A. DeCenzo. aFifteenth edition. aHoboken, NJ :bJohn Wiley & Sons, Inc.,c2024. axxxvii, 426 pages :bcolored illustrations ;c26 cm. aIncludes bibliographical references and index. aPersonnel management. aDeCenzo, David A.,eauthor.